| 000 | 01135cam a2200325 a 4500 | ||
|---|---|---|---|
| 999 |
_c6909 _d6909 |
||
| 001 | 3554272 | ||
| 003 | GBCCL | ||
| 005 | 20241126110615.0 | ||
| 008 | 970919s1996 at ab j be 001 0 eng | ||
| 010 | _a 97198016 | ||
| 020 | _a0864501781 | ||
| 040 |
_aDLC _cDLC |
||
| 042 | _alcac | ||
| 050 | 0 | 0 |
_aG133 _b.E482 1996 |
| 082 | 0 | 0 |
_a910.3 _221 _bILL |
| 245 | 0 | 0 |
_aIllustrated guide to Countries of the world / _c[writers, Philip Gardner ... et al. ; edited by Graham Bateman & Victoria Egan]. |
| 246 | 3 | 0 | _aWorld geography |
| 250 | _aRev. ed. | ||
| 260 |
_aSurrey Hills, NSW : _bRD Press, _c1996. |
||
| 300 |
_a512 p. : _bcol. ill., col. maps ; _c31 cm. |
||
| 504 | _aIncludes bibliographical references (p. 502) and index. | ||
| 650 | 0 |
_aGeography _xEncyclopedias, Juvenile. _912327 |
|
| 650 | 1 |
_aGeography _xEncyclopedias. _912303 |
|
| 700 | 1 |
_aGardner, Philip. _912328 |
|
| 700 | 1 |
_aBateman, Graham. _912329 |
|
| 700 | 1 |
_aEgan, Victoria. _912330 |
|
| 906 |
_a7 _bcbc _corignew _d2 _encip _f19 _gy-gencatlg |
||
| 942 |
_2ddc _cREF |
||